|
|
|
|
| LEADER |
01304cas a2200253 a 4500 |
| 001 |
AALejournalIMF021972 |
| 008 |
230101c9999 xx r poo 0 0eng d |
| 020 |
|
|
|c 15.00 USD
|
| 020 |
|
|
|z 9781589063204
|
| 022 |
|
|
|a 1020-7635
|
| 040 |
|
|
|a BD-DhAAL
|c BD-DhAAL
|
| 100 |
1 |
|
|a Mody, Ashoka.
|
| 245 |
1 |
0 |
|a IMF Staff Papers, Volume 51, Special Issue, IMF Fourth Annual Research Conference /
|c Ashoka Mody, Robert Flood.
|
| 264 |
|
1 |
|a Washington, D.C. :
|b International Monetary Fund,
|c 2004.
|
| 300 |
|
|
|a 1 online resource (168 pages)
|
| 490 |
1 |
|
|a IMF Staff Papers
|
| 500 |
|
|
|a <strong>Off-Campus Access:</strong> No User ID or Password Required
|
| 500 |
|
|
|a <strong>On-Campus Access:</strong> No User ID or Password Required
|
| 506 |
|
|
|a Electronic access restricted to authorized BRAC University faculty, staff and students
|
| 520 |
3 |
|
|a This is the 2004 (Volume 51) Special Issue of IMF Staff Papers, which includes 6 selected papers (from more than 20) that were presented at the IMF's Fourth Annual Research Conference, November 6-7, 2003.
|
| 538 |
|
|
|a Mode of access: Internet
|
| 700 |
1 |
|
|a Flood, Robert.
|
| 830 |
|
0 |
|a IMF Staff Papers; IMF Staff Papers ;
|v No. 2004/005
|
| 856 |
4 |
0 |
|z Full text available on IMF
|u http://elibrary.imf.org/view/journals/024/2004/005/024.2004.issue-005-en.xml
|z IMF e-Library
|